General knowledge 2.0 - Statistics

General Stats
  • This quiz has been taken 30 times
  • The average score is 6 of 15
Answer Stats
Hint Answer % Correct
What animal makes pork? Pig
97%
What continent is Uruguay in? South America
93%
Where is Nova Scotia Canada
90%
What famous chef is the main chef of Hells Kitchen? Gordon Ramsay
76%
What country is Bangalore in? India
76%
Who sculpted the David? Michelangelo
66%
In what region does impalas live in? Savanna
24%
Where is Brussels South Charleroi Airport located? Charleroi
10%
Who created the Lamborghini? Ferruccio Lamborghini
10%
Where is Toronto most busiest airport located? Mississauga?
10%
Who was the Prime minister of Cnada in 1967? Lester B. Pearson
7%
Which sing did Cheba Maria team up with Jalal Hamdaoui? Aji Lidarek
0%
What country banned plastic bags first? Bangladesgh
0%
Who is the reigning US Open female champion? Bianca Andreescu
0%
The first bible was written in what language? Biblical Hebrew
0%
No matching quizzes found
Score Distribution
Percent of People with Each Score
Percentile by Number Answered
Your Score History
You have not taken this quiz